000 00499nam a2200169Ia 4500
008 140626s9999 xx 000 0 und d
100 _aBirmingham.
245 _aMultidisciplinary senior design using software-defined radio /
_cBirmingham ... [et al.].
260 _cc2011.
300 _a2 : 1, page 61
440 _aComputers in Education Journal
521 _aIT
650 _aMultiple disciplines.
650 _aSenior design project.
650 _aSoftware-defined radio.
942 _cSE
999 _c120899
_d120899